Central Library OPAC University of Rajshahi

Geo-electrical studies in the high Barind, Bangladesh for evaluating Aquifer geometry of the area / (Record no. 80802)

MARC details
000 -LEADER
fixed length control field 00949nam a22002297a 4500
003 - CONTROL NUMBER IDENTIFIER
rucl marc code BD-RjUL
005 - DATE AND TIME OF LATEST TRANSACTION
control field 20221119150425.0
008 - FIXED-LENGTH DATA ELEMENTS--GENERAL INFORMATION
fixed length control field 221119s2002 bg a|||| m||| 00| 0 eng d
035 ## - SYSTEM CONTROL NUMBER
system control number (BD-RjUL)
040 ## - CATALOGING SOURCE
Original cataloging agency BD-RjUL
Language of cataloging eng
Transcribing agency BD-RjUL
Modifying agency BD-RjUL
041 ## - LANGUAGE CODE
Language code of Book eng
082 ## - DEWEY DECIMAL CLASSIFICATION NUMBER
DDC Edition number 23
Classification number 551.35
Author mark and Year REG 2002
100 ## - MAIN ENTRY--PERSONAL NAME
Personal name Reza, A.H.M. Selim
9 (RLIN) 5901
245 10 - TITLE STATEMENT
Title Geo-electrical studies in the high Barind, Bangladesh for evaluating Aquifer geometry of the area /
Statement of responsibility, etc Submitted by A.H.M. Selim Reza ;
Name of Supervisor/Co-Supervisor Supervisor : Mushfique, Ahmed & Quamrul, Hasan Mazumder
260 ## - PUBLICATION, DISTRIBUTION, ETC. (IMPRINT)
Place of publication, distribution, etc Rajshahi :
Name of publisher, distributor, etc Department of Geology and Mining, University of Rajshahi,
Date of publication, distribution, etc 2002
300 ## - PHYSICAL DESCRIPTION
Pagination x, 137 leaves :
Other physical details ill, ;
Dimensions 29.cm.
502 ## - DISSERTATION NOTE
Dissertation note Thesis (M. Phil.) -- Department of Geology and Mining, University of Rajshahi, 2002
650 ## - SUBJECT ADDED ENTRY--TOPICAL TERM
Topical term or geographic name as entry element Water
Form subdivision Geology
9 (RLIN) 5902
700 ## - ADDED ENTRY--SUPERVISOR/CO-SUPERVISOR NAME
Personal name Ahmed, Mushfique, Supervisor
9 (RLIN) 5752
Personal name Mazumder, Quamrul, Hasan, Supervisor
9 (RLIN) 5903
942 ## - ADDED ENTRY ELEMENTS (KOHA)
Source of classification or shelving scheme Dewey Decimal Classification
Koha item type Theses

No items available.